LIBRARY & INFORMATION CENTRE, KCAET, TAVANUR

ONLINE PUBLIC ACCESS CATALOGUE (OPAC)

Brighter grammar: An English grammar with exercises / (Record no. 8545)

MARC details
000 -LEADER
fixed length control field 00448cam a2200169ua 4500
041 ## - LANGUAGE CODE
Language code of text/sound track or separate title eng
082 ## - DEWEY DECIMAL CLASSIFICATION NUMBER
Classification number 425
Item number ECK/BR
100 ## - MAIN ENTRY--AUTHOR NAME
Personal name Eckersley, C E .
245 ## - TITLE STATEMENT
Title Brighter grammar: An English grammar with exercises /
250 ## - EDITION STATEMENT
Edition statement 1 /
260 ## - PUBLICATION, DISTRIBUTION, ETC. (IMPRINT)
Place of publication Mumbai :
Name of publisher Orient-Longman Ltd ,
Year of publication 1963.
300 ## - PHYSICAL DESCRIPTION
Number of Pages 112 ; .
700 1# - ADDED ENTRY--PERSONAL NAME
Personal name Macaulay, Margaret .
942 ## - ADDED ENTRY ELEMENTS (KOHA)
Koha item type Books
Holdings
Withdrawn status Lost status Damaged status Home library Current library Date acquired Full call number Accession Number Koha item type
Withdrawn     KAUAET Sanskrit University 07/04/2012 425 4111 Books
free website counter